Design process : Olivetti, 1908-1978, Gund Hall Lobby, Harvard Graduate School of Design, Cambridge, Massachusetts, November 8 to December 7, 1979 /

Bibliographic Details
Corporate Author: Harvard University. Graduate School of Design
Other Authors: Shapira, Nathan H., Klier, Hans von, 1934-, King, Perry A., 1938-
Format: Book
Language:English
Published: [Ivrea, Italy?] : Olivetti, [1979]
Subjects:

MARC

Tag First Indicator Second Indicator Subfields
LEADER 00000cam a2200000 a 4500
001 in00000071483
005 20151008062238.0
008 800124s1979 it a b 00100 eng d
010 |a  79084398  
035 |a (OCoLC)05908177 
035 |9 AAJ9818AM 
040 |a DLM  |c DLM  |d m.c.  |d TXA  |d UtOrBLW 
043 |a e-it--- 
049 |a TXAM  |c [1196005] 
090 |a TS79  |b .D47 1979 
245 0 0 |a Design process :  |b Olivetti, 1908-1978, Gund Hall Lobby, Harvard Graduate School of Design, Cambridge, Massachusetts, November 8 to December 7, 1979 /  |c curator, Nathan H. Shapira ; exhibition design, Hans von Klier ; catalogue design, Perry A. King. 
264 1 |a [Ivrea, Italy?] :  |b Olivetti,  |c [1979] 
264 4 |c ©1979 
300 |a xxxii, 277 pages :  |b illustrations (some color) ;  |c 21 x 28 cm. 
336 |a text  |b txt  |2 rdacontent 
337 |a unmediated  |b n  |2 rdamedia 
338 |a volume  |b nc  |2 rdacarrier 
500 |a Includes index. 
504 |a Bibliography: pages 271-276. 
610 2 0 |a Ing. C. Olivetti & c. 
650 0 |a Industrial design  |z Italy  |x Exhibitions. 
700 1 |a Shapira, Nathan H. 
700 1 |a Klier, Hans von,  |d 1934- 
700 1 |a King, Perry A.,  |d 1938- 
710 2 |a Harvard University.  |b Graduate School of Design. 
999 |a MARS 
999 f f |s f8b62579-70b8-3fc3-95dd-09595f7a0887  |i c02f21fc-858e-3f89-8549-4db33b33dd7b  |t 0 
952 f f |p ric  |a Texas A&M University  |b Rellis Campus  |c Joint Library Facility  |d Remote Storage  |t 0  |e TS79 .D47 1979  |h Library of Congress classification  |i unmediated -- volume  |m A14806258501 
998 f f |a TS79 .D47 1979  |t 0  |l Remote Storage